Państwa z największą liczbą osób mówiących po hiszpańsku - Statystyki

Ogólne statystyki
  • Ten quiz został rozwiązany 110 razy
  • Średni wynik to 8 z 10
Statystyki odpowiedzi
% Liczba (mln) Państwa % Poprawnych
81 37.9 mln Hiszpania
100%
99 45.6 mln Argentyna
96%
94 124 mln Meksyk
91%
99 51.5 mln Kolumbia
89%
99 19.3 mln Chile
82%
98 27.7 mln Wenezuela
81%
87 29.5 mln Peru
79%
93 16.9 mln Ekwador
78%
13 43.6 mln Stany Zjednoczone Ameryki
72%
99 11.2 mln Kuba
54%
Nie znaleziono quizów pasujących do podanych kryteriów
Rozkład punktacji
Procent ludzi z każdym wynikiem
Percentyl według liczby udzielonych odpowiedzi
Twoja historia wyników
Nie rozwiązałeś tego quizu